[Event "Scandic op"]
[Site "Stockholm SWE"]
[Date "2016.11.04"]
[Round "2.7"]
[White "Ilmoni, Tommy"]
[Black "Golubka, Petro"]
[Result "0-1"]
[WhiteElo "2079"]
[BlackElo "2403"]
[WhiteFideId "-1"]
[BlackFideId "-1"]
[PlyCount "76"]
[GameId "2130307638630457"]
[EventDate "2016.11.04"]
[EventType "swiss"]
[EventRounds "8"]
[EventCountry "SWE"]
[SourceTitle "10 Days #488"]
[Source "Chess Mix"]

1. d4 Nf6 2. c4 e6 3. Nf3 b6 4. Nc3 Bb4 5. Bg5 h6 6. Bh4 Bb7 7. e3 g5 8. Bg3 Ne4 9. Qc2 Bxc3+ 10. bxc3 d6 11. Nd2 Nxg3 12. hxg3 Nd7 13. a4 a5 14. Rb1 Qe7 15. f3 f5 16. Bd3 O-O-O 17. Rb5 h5 18. e4 fxe4 19. Nxe4 d5 20. Nf2 g4 21. f4 h4 22. gxh4 g3 23. Nh3 Rxh4 24. c5 e5 25. fxe5 Nxe5 26. dxe5 Qxe5+ 27. Kd1 Bc6 28. Rb2 Bxa4 29. Rb3 Re8 30. cxb6 cxb6 31. Kc1 Qe3+ 32. Kb2 Bxb3 33. Kxb3 Kb8 34. Rf1 Rc8 35. Rf3 Qe5 36. Rf5 Qd6 37. Bb5 Rb4+ 38. cxb4 Qxb4+ 0-1

[Event "Scandic op"]
[Site "Stockholm SWE"]
[Date "2016.11.04"]
[Round "3.6"]
[White "Golubka, Petro"]
[Black "Tuomainen, Felix"]
[Result "1/2-1/2"]
[WhiteElo "2403"]
[BlackElo "2172"]
[WhiteFideId "-1"]
[BlackFideId "-1"]
[PlyCount "109"]
[GameId "2130307638630464"]
[EventDate "2016.11.04"]
[EventType "swiss"]
[EventRounds "8"]
[EventCountry "SWE"]
[SourceTitle "10 Days #488"]
[Source "Chess Mix"]

1. e4 e6 2. d4 d5 3. Nc3 Nf6 4. Bg5 dxe4 5. Nxe4 Nbd7 6. Nf3 Be7 7. Nxf6+ Bxf6 8. h4 c5 9. dxc5 O-O 10. c3 Nxc5 11. Qc2 Qe7 12. Be3 b6 13. Ng5 g6 14. O-O-O Bb7 15. f3 Rfd8 16. Be2 Rxd1+ 17. Rxd1 Rd8 18. Rxd8+ Qxd8 19. Qd2 Qxd2+ 20. Kxd2 Kg7 21. g3 h6 22. Nh3 Nd7 23. Nf2 Ne5 24. Ne4 Be7 25. Bd4 f6 26. Bxe5 fxe5 27. Bd3 Bxe4 28. Bxe4 h5 29. b4 g5 30. hxg5 Bxg5+ 31. Kd3 Kf6 32. Bc6 Ke7 33. Ba4 Kd6 34. Bd1 h4 35. gxh4 Bxh4 36. a4 Be1 37. Kc4 Bd2 38. Bc2 Be1 39. Be4 Bd2 40. Kb3 Be1 41. c4 a5 42. c5+ bxc5 43. b5 Kc7 44. Kc4 Kb6 45. Bc2 Bf2 46. Bh7 Be1 47. Bg8 Bf2 48. Bxe6 Bd4 49. Bf5 Be3 50. Be4 Bd4 51. Bd3 Be3 52. Be2 Bd4 53. Kd5 Kc7 54. Bc4 Kb6 55. Ke4 1/2-1/2

[Event "Scandic op"]
[Site "Stockholm SWE"]
[Date "2016.11.05"]
[Round "5.4"]
[White "Golubka, Petro"]
[Black "Lindberg, Henrik"]
[Result "1-0"]
[WhiteElo "2403"]
[BlackElo "2253"]
[WhiteFideId "-1"]
[BlackFideId "-1"]
[PlyCount "79"]
[GameId "2130307638630478"]
[EventDate "2016.11.04"]
[EventType "swiss"]
[EventRounds "8"]
[EventCountry "SWE"]
[SourceTitle "10 Days #488"]
[Source "Chess Mix"]

1. e4 c5 2. Nf3 d6 3. d4 cxd4 4. Nxd4 Nf6 5. Nc3 e6 6. g4 h6 7. h4 Be7 8. Rg1 d5 9. exd5 Nxd5 10. Nxd5 Qxd5 11. Bg2 Qc4 12. Be3 Bd7 13. Qe2 Qxe2+ 14. Kxe2 Bc6 15. Nxc6 Nxc6 16. h5 Bf6 17. c3 Kd7 18. f4 Kc7 19. Raf1 Rae8 20. Be4 Re7 21. a4 Kb8 22. g5 hxg5 23. fxg5 Be5 24. h6 gxh6 25. gxh6 f5 26. Bxc6 bxc6 27. Rg6 Rhh7 28. Bg5 Re8 29. Kf3 Kc7 30. Re1 Kd6 31. Rd1+ Kc7 32. Bf4 Bxf4 33. Kxf4 Reh8 34. Kg5 e5 35. Rdd6 f4 36. Rxc6+ Kb7 37. Rcf6 Kc7 38. Rg7+ Rxg7+ 39. hxg7 Rh3 40. Rg6 1-0

[Event "Scandic op"]
[Site "Stockholm SWE"]
[Date "2016.11.05"]
[Round "6.3"]
[White "Karlsson, Lars"]
[Black "Golubka, Petro"]
[Result "1/2-1/2"]
[WhiteElo "2448"]
[BlackElo "2403"]
[WhiteFideId "-1"]
[BlackFideId "-1"]
[PlyCount "58"]
[GameId "2130307638630485"]
[EventDate "2016.11.04"]
[EventType "swiss"]
[EventRounds "8"]
[EventCountry "SWE"]
[SourceTitle "10 Days #488"]
[Source "Chess Mix"]

1. b3 Nc6 2. Bb2 e5 3. Nf3 d6 4. e3 Nf6 5. d4 e4 6. d5 Nb4 7. Nfd2 Nbxd5 8. Nxe4 Be7 9. Ng3 O-O 10. Be2 c6 11. O-O Nb6 12. c4 d5 13. Qc2 Be6 14. Nd2 dxc4 15. Nxc4 Nxc4 16. Bxc4 Bxc4 17. Qxc4 Nd5 18. Nh5 g6 19. Qd4 f6 20. Nf4 Nxf4 21. Qxf4 Qd6 22. Qc4+ Qd5 23. Qc2 Rfd8 24. Rfd1 Qe6 25. g3 Kf7 26. h4 b6 27. e4 Rxd1+ 28. Rxd1 Rd8 29. Rxd8 Bxd8 1/2-1/2

[Event "Scandic op"]
[Site "Stockholm SWE"]
[Date "2016.11.06"]
[Round "7.3"]
[White "Golubka, Petro"]
[Black "Wiander, Michael"]
[Result "1-0"]
[WhiteElo "2403"]
[BlackElo "2245"]
[WhiteFideId "-1"]
[BlackFideId "-1"]
[PlyCount "53"]
[GameId "2130307638630493"]
[EventDate "2016.11.04"]
[EventType "swiss"]
[EventRounds "8"]
[EventCountry "SWE"]
[SourceTitle "10 Days #488"]
[Source "Chess Mix"]

1. e4 e6 2. d4 d5 3. Nc3 Nf6 4. Bg5 Be7 5. e5 Ne4 6. Bxe7 Qxe7 7. Nxe4 dxe4 8. Qd2 O-O 9. O-O-O c5 10. Ne2 Nc6 11. Qe3 b6 12. dxc5 Bb7 13. Nc3 Nb4 14. Nxe4 Nxa2+ 15. Kb1 Nb4 16. Nd6 bxc5 17. Qxc5 a5 18. c3 Nd5 19. Bc4 Rfb8 20. Ka1 a4 21. Bxd5 Bxd5 22. c4 a3 23. b4 Bxg2 24. Rhg1 Bf3 25. Rd3 Bh5 26. Rxg7+ Kf8 27. Rxh7 1-0

[Event "Scandic op"]
[Site "Stockholm SWE"]
[Date "2016.11.06"]
[Round "8.2"]
[White "Korneev, Oleg"]
[Black "Golubka, Petro"]
[Result "1-0"]
[WhiteElo "2582"]
[BlackElo "2403"]
[WhiteFideId "-1"]
[BlackFideId "-1"]
[PlyCount "99"]
[GameId "2130307638634596"]
[EventDate "2016.11.04"]
[EventType "swiss"]
[EventRounds "8"]
[EventCountry "SWE"]
[SourceTitle "10 Days #488"]
[Source "Chess Mix"]

1. e4 c5 2. c3 Nf6 3. e5 Nd5 4. d4 cxd4 5. Nf3 Nc6 6. cxd4 d6 7. Bc4 Nb6 8. Bb5 dxe5 9. Nxe5 Bd7 10. Nxd7 Qxd7 11. Nc3 e6 12. O-O Be7 13. Qg4 g6 14. Rd1 Rd8 15. Bh6 Nd5 16. Rac1 f5 17. Qf3 Kf7 18. Nxd5 exd5 19. Bxc6 bxc6 20. Bf4 Bf6 21. Be5 Rhe8 22. Qc3 Re6 23. f4 Rc8 24. b4 Be7 25. a3 h5 26. h3 h4 27. Kh2 Qb7 28. Qd3 a6 29. Rc3 Qb5 30. Qc2 Ra8 31. Rc1 a5 32. a4 Qb6 33. bxa5 Rxa5 34. Rb1 Qa6 35. Ra1 Qa8 36. Qa2 Qa7 37. Rb3 Bf6 38. Qb2 Re7 39. Rc1 Ra6 40. a5 Bxe5 41. fxe5 Rxa5 42. Rxc6 Ra2 43. Qc3 Qa5 44. Rf6+ Kg7 45. Qxa5 Rxa5 46. Rbb6 Ra4 47. Rxg6+ Kh7 48. Rh6+ Kg7 49. Rbg6+ Kf7 50. e6+ 1-0

[Event "POL-Tch 2nd League"]
[Site "Jastrzebia Gora POL"]
[Date "2016.09.03"]
[Round "1.25"]
[White "Golubka, Petro"]
[Black "Shkapenko, Pavel"]
[Result "0-1"]
[WhiteElo "2395"]
[BlackElo "2418"]
[WhiteFideId "-1"]
[BlackFideId "-1"]
[PlyCount "94"]
[GameId "2130307640516979"]
[EventDate "2016.09.03"]
[EventType "team"]
[EventRounds "9"]
[EventCountry "POL"]
[SourceTitle "EXT 2017"]
[Source "ChessBase"]
[SourceDate "2016.10.25"]
[SourceVersion "1"]
[SourceVersionDate "2016.10.25"]
[SourceQuality "1"]

1. d4 Nf6 2. c4 e6 3. Nc3 Bb4 4. Qc2 c5 5. dxc5 Bxc5 6. Nf3 Qb6 7. e3 Qc7 8. Bd3 b6 9. Bd2 Bb7 10. O-O-O a6 11. Ne4 Be7 12. Bc3 d6 13. Nxf6+ Bxf6 14. Bxf6 gxf6 15. Be4 Nc6 16. Qc3 Ke7 17. Rd2 Rac8 18. Rhd1 Rhd8 19. b3 b5 20. c5 d5 21. Bxh7 b4 22. Qb2 Ne5 23. Rc2 Nxf3 24. gxf3 Qxh2 25. Bd3 d4 26. exd4 Qf4+ 27. Kb1 Rxd4 28. Be2 Rxd1+ 29. Bxd1 Qf5 30. Kc1 Rxc5 31. Qd4 Rxc2+ 32. Bxc2 Qb5 33. f4 a5 34. Kb2 e5 35. Qe3 Qd5 36. fxe5 Qxe5+ 37. Kc1 Qxe3+ 38. fxe3 Kd6 39. Kb2 Ke5 40. a3 f5 41. axb4 axb4 42. Kc1 f4 43. Kd2 Ba6 44. Bh7 f5 45. Bg8 fxe3+ 46. Kxe3 Bb7 47. Kd3 Bd5 0-1

[Event "POL-Tch 2nd League"]
[Site "Jastrzebia Gora POL"]
[Date "2016.09.04"]
[Round "2.13"]
[White "Szotkowski, Jakub"]
[Black "Golubka, Petro"]
[Result "1/2-1/2"]
[WhiteElo "2403"]
[BlackElo "2395"]
[WhiteFideId "-1"]
[BlackFideId "-1"]
[PlyCount "109"]
[GameId "2130307640521164"]
[EventDate "2016.09.03"]
[EventType "team"]
[EventRounds "9"]
[EventCountry "POL"]
[SourceTitle "EXT 2017"]
[Source "ChessBase"]
[SourceDate "2016.10.25"]
[SourceVersion "1"]
[SourceVersionDate "2016.10.25"]
[SourceQuality "1"]

1. d4 d5 2. c4 e6 3. Nf3 c5 4. cxd5 exd5 5. g3 Nc6 6. Bg2 Nf6 7. O-O Be7 8. Nc3 O-O 9. dxc5 Bxc5 10. Na4 Be7 11. Be3 Re8 12. Rc1 Bg4 13. Nc5 Bxc5 14. Bxc5 Qd7 15. Re1 Bh3 16. Bh1 Rac8 17. Be3 h6 18. Nd4 Ne4 19. Nxc6 bxc6 20. Qa4 c5 21. Qxd7 Bxd7 22. Bxe4 dxe4 23. Bxc5 a6 24. Red1 Be6 25. Rd6 a5 26. b3 Red8 27. Rxd8+ Rxd8 28. Be3 a4 29. bxa4 Ra8 30. a3 Rxa4 31. Bc5 Rc4 32. Rxc4 Bxc4 33. Kf1 f5 34. Ke1 Bb5 35. Kd2 Kf7 36. Ke3 h5 37. Kd4 Bxe2 38. Ke5 g6 39. a4 Bf1 40. a5 Be2 41. Kd6 g5 42. Ke5 Kg6 43. Be7 Bd3 44. h4 f4 45. gxf4 gxf4 46. Bc5 Kf7 47. Kd4 Ke6 48. f3 Kf5 49. Bb4 Bb1 50. fxe4+ Bxe4 51. a6 Bg2 52. a7 Ke6 53. Bd2 Kd7 54. Bxf4 Kc8 55. Ke5 1/2-1/2

[Event "POL-Tch 2nd League"]
[Site "Jastrzebia Gora POL"]
[Date "2016.09.05"]
[Round "3.67"]
[White "Golubka, Petro"]
[Black "Mucha, Roman"]
[Result "1/2-1/2"]
[WhiteElo "2395"]
[BlackElo "2190"]
[WhiteFideId "-1"]
[BlackFideId "-1"]
[PlyCount "60"]
[GameId "2130307640529510"]
[EventDate "2016.09.03"]
[EventType "team"]
[EventRounds "9"]
[EventCountry "POL"]
[SourceTitle "EXT 2017"]
[Source "ChessBase"]
[SourceDate "2016.10.25"]
[SourceVersion "1"]
[SourceVersionDate "2016.10.25"]
[SourceQuality "1"]

1. e4 c5 2. c3 g6 3. d4 cxd4 4. cxd4 d5 5. exd5 Nf6 6. Bb5+ Nbd7 7. Nc3 Bg7 8. d6 exd6 9. Qe2+ Qe7 10. Qxe7+ Kxe7 11. Nf3 a6 12. Bd3 h6 13. O-O Nb6 14. Re1+ Be6 15. b3 Kd7 16. Ba3 Rac8 17. Ne2 Nbd5 18. Nd2 b5 19. Ne4 Nxe4 20. Bxe4 f5 21. Bd3 Bf7 22. Kf1 Rhe8 23. Rac1 h5 24. Rxc8 Rxc8 25. Rc1 Rxc1+ 26. Bxc1 Kc6 27. Bd2 Bf6 28. g3 h4 29. f3 hxg3 30. hxg3 Be6 1/2-1/2

[Event "POL-Tch 2nd League"]
[Site "Jastrzebia Gora POL"]
[Date "2016.09.06"]
[Round "4.79"]
[White "Markiewicz, Jerzy"]
[Black "Golubka, Petro"]
[Result "0-1"]
[WhiteElo "2237"]
[BlackElo "2395"]
[WhiteFideId "-1"]
[BlackFideId "-1"]
[PlyCount "40"]
[GameId "2130307640533717"]
[EventDate "2016.09.03"]
[EventType "team"]
[EventRounds "9"]
[EventCountry "POL"]
[SourceTitle "EXT 2017"]
[Source "ChessBase"]
[SourceDate "2016.10.25"]
[SourceVersion "1"]
[SourceVersionDate "2016.10.25"]
[SourceQuality "1"]

1. e4 c5 2. Nf3 d6 3. d4 cxd4 4. Nxd4 Nf6 5. Nc3 a6 6. Be3 e6 7. g4 b5 8. g5 Nfd7 9. a3 Bb7 10. h4 Nc6 11. Nxc6 Bxc6 12. Qd4 Nc5 13. f3 Qc7 14. h5 O-O-O 15. b4 Rg8 16. Qd2 d5 17. Bxc5 Bxc5 18. bxc5 dxe4 19. Qh2 Qa5 20. Qe5 Rd5 0-1

[Event "POL-Tch 2nd League"]
[Site "Jastrzebia Gora POL"]
[Date "2016.09.07"]
[Round "5.49"]
[White "Golubka, Petro"]
[Black "Chojnacki, Slawomir"]
[Result "1-0"]
[WhiteElo "2395"]
[BlackElo "2255"]
[WhiteFideId "-1"]
[BlackFideId "-1"]
[PlyCount "65"]
[GameId "2130307640537884"]
[EventDate "2016.09.03"]
[EventType "team"]
[EventRounds "9"]
[EventCountry "POL"]
[SourceTitle "EXT 2017"]
[Source "ChessBase"]
[SourceDate "2016.10.25"]
[SourceVersion "1"]
[SourceVersionDate "2016.10.25"]
[SourceQuality "1"]

1. b3 d5 2. Bb2 c6 3. e3 Nf6 4. Be2 Bf5 5. g4 Bd7 6. h4 Qc7 7. g5 Ne4 8. d3 Qa5+ 9. Kf1 Nd6 10. c4 Na6 11. a3 dxc4 12. bxc4 h6 13. Bc3 Qc7 14. g6 fxg6 15. Nf3 Nf7 16. Nbd2 e5 17. Qc2 Bf5 18. Qb2 Bd6 19. d4 e4 20. Ne1 O-O 21. Rb1 c5 22. Qxb7 cxd4 23. Qxc7 Nxc7 24. Bxd4 Bxa3 25. Nc2 Bd6 26. c5 Be5 27. Kg2 Ne6 28. Bc4 Rae8 29. Rb7 Bb8 30. Rhb1 g5 31. c6 Rc8 32. R1b5 Nd6 33. Rxf5 1-0

[Event "POL-Tch 2nd League"]
[Site "Jastrzebia Gora POL"]
[Date "2016.09.08"]
[Round "6.31"]
[White "Licznerski, Lukasz"]
[Black "Golubka, Petro"]
[Result "1/2-1/2"]
[WhiteElo "2260"]
[BlackElo "2395"]
[WhiteFideId "-1"]
[BlackFideId "-1"]
[PlyCount "81"]
[GameId "2130307640542062"]
[EventDate "2016.09.03"]
[EventType "team"]
[EventRounds "9"]
[EventCountry "POL"]
[SourceTitle "EXT 2017"]
[Source "ChessBase"]
[SourceDate "2016.10.25"]
[SourceVersion "1"]
[SourceVersionDate "2016.10.25"]
[SourceQuality "1"]

1. e4 e5 2. Nf3 Nc6 3. Bb5 a6 4. Bxc6 dxc6 5. O-O f6 6. d4 exd4 7. Nxd4 c5 8. Nb3 Qxd1 9. Rxd1 Be6 10. Bf4 Bxb3 11. axb3 Bd6 12. Bxd6 O-O-O 13. Na3 cxd6 14. Nc4 Kc7 15. Rd2 Nh6 16. Rad1 Nf7 17. f3 Rhe8 18. Kf2 Re6 19. h4 g6 20. Ne3 Kc6 21. h5 Rde8 22. hxg6 hxg6 23. Nd5 f5 24. Nf4 Rf6 25. Nd5 Rfe6 26. Nf4 Rf6 27. exf5 gxf5 28. Rh1 Rh6 29. Rxh6 Nxh6 30. Rd1 Ng8 31. Rh1 Nf6 32. c4 b5 33. Ra1 Ra8 34. Ke3 Nd7 35. Kd3 Ne5+ 36. Kc3 a5 37. cxb5+ Kxb5 38. Rh1 Kc6 39. Rh5 Rf8 40. Rh7 Ra8 41. Rh5 1/2-1/2

[Event "POL-Tch 2nd League"]
[Site "Jastrzebia Gora POL"]
[Date "2016.09.09"]
[Round "7.55"]
[White "Golubka, Petro"]
[Black "Walter, Szymon"]
[Result "1-0"]
[WhiteElo "2395"]
[BlackElo "2261"]
[WhiteFideId "-1"]
[BlackFideId "-1"]
[PlyCount "89"]
[GameId "2130307640546282"]
[EventDate "2016.09.03"]
[EventType "team"]
[EventRounds "9"]
[EventCountry "POL"]
[SourceTitle "EXT 2017"]
[Source "ChessBase"]
[SourceDate "2016.10.25"]
[SourceVersion "1"]
[SourceVersionDate "2016.10.25"]
[SourceQuality "1"]

1. d4 Nf6 2. c4 e6 3. Nc3 Bb4 4. Qc2 Nc6 5. Nf3 O-O 6. a3 Bxc3+ 7. Qxc3 a5 8. b3 d6 9. Bb2 Qe7 10. g3 Re8 11. Bg2 e5 12. dxe5 dxe5 13. O-O Bg4 14. Qe3 Rad8 15. Rad1 Rd6 16. h3 Bf5 17. Nh4 Bg6 18. Nxg6 hxg6 19. g4 Qd7 20. Rxd6 Qxd6 21. Qd3 Qc5 22. e3 Rd8 23. Qc2 Qd6 24. Rc1 Rd7 25. g5 Ne8 26. h4 Qe6 27. Rd1 Nd6 28. h5 gxh5 29. g6 h4 30. Kh2 e4 31. c5 Nf5 32. Rxd7 Qxd7 33. gxf7+ Kxf7 34. Qxe4 Nce7 35. Be5 c6 36. Qf4 Ng6 37. Qc4+ Ke7 38. Bc3 Qc7+ 39. Kh1 Qd7 40. Bh3 Qd1+ 41. Kh2 Qf3 42. Qf1 a4 43. Qg2 Qxg2+ 44. Kxg2 Nh6 45. bxa4 1-0

[Event "POL-Tch 2nd League"]
[Site "Jastrzebia Gora POL"]
[Date "2016.09.10"]
[Round "8.37"]
[White "Golubka, Petro"]
[Black "Steczek, Marcin"]
[Result "1/2-1/2"]
[WhiteElo "2395"]
[BlackElo "2370"]
[WhiteFideId "-1"]
[BlackFideId "-1"]
[PlyCount "129"]
[GameId "2130307640550461"]
[EventDate "2016.09.03"]
[EventType "team"]
[EventRounds "9"]
[EventCountry "POL"]
[SourceTitle "EXT 2017"]
[Source "ChessBase"]
[SourceDate "2016.10.25"]
[SourceVersion "1"]
[SourceVersionDate "2016.10.25"]
[SourceQuality "1"]

1. d4 Nf6 2. c4 e6 3. Nc3 Bb4 4. Qc2 c5 5. dxc5 O-O 6. a3 Bxc5 7. Nf3 Nc6 8. Bg5 Nd4 9. Nxd4 Bxd4 10. e3 Qa5 11. exd4 Qxg5 12. Qd2 Qxd2+ 13. Kxd2 b6 14. Bd3 Bb7 15. f3 Rfc8 16. Rhc1 Kf8 17. b4 Ke7 18. a4 a5 19. Rab1 axb4 20. Rxb4 Ba6 21. Ne4 d5 22. Nxf6 Kxf6 23. Rxb6 Bxc4 24. Bxc4 Rxa4 25. Bd3 Rxc1 26. Kxc1 Rxd4 27. Bc2 h5 28. g3 g5 29. Rb7 h4 30. Ra7 hxg3 31. hxg3 Rc4 32. Kd2 Rd4+ 33. Bd3 Rb4 34. Bc2 Rd4+ 35. Ke3 Rc4 36. Bd3 Rb4 37. f4 gxf4+ 38. gxf4 Rb6 39. Be2 Rb3+ 40. Kf2 e5 41. fxe5+ Kxe5 42. Rxf7 Ra3 43. Rh7 Kd4 44. Rh4+ Kc3 45. Ke3 Kc2+ 46. Kf2 Kc3 47. Rh5 Kd4 48. Bf3 Ra2+ 49. Kg3 Ra5 50. Rh4+ Ke3 51. Rh8 Rc5 52. Re8+ Kd4 53. Kf4 Rc7 54. Rd8 Rc5 55. Kf5 Kc4 56. Ke5 d4+ 57. Ke4 Kc3 58. Be2 Rc7 59. Re8 Rc6 60. Re7 Rc8 61. Bd3 Rc6 62. Bf1 Rc8 63. Bh3 Rh8 64. Rc7+ Kd2 65. Bf5 1/2-1/2

[Event "POL-Tch 2nd League"]
[Site "Jastrzebia Gora POL"]
[Date "2016.09.11"]
[Round "9.49"]
[White "Kumala, Aleksander"]
[Black "Golubka, Petro"]
[Result "1/2-1/2"]
[WhiteElo "2211"]
[BlackElo "2395"]
[WhiteFideId "-1"]
[BlackFideId "-1"]
[PlyCount "62"]
[GameId "2130307640554663"]
[EventDate "2016.09.03"]
[EventType "team"]
[EventRounds "9"]
[EventCountry "POL"]
[SourceTitle "EXT 2017"]
[Source "ChessBase"]
[SourceDate "2016.10.25"]
[SourceVersion "1"]
[SourceVersionDate "2016.10.25"]
[SourceQuality "1"]

1. e4 e5 2. Nf3 Nc6 3. Bb5 f5 4. d3 fxe4 5. dxe4 Nf6 6. Qd3 Bc5 7. Qc4 Qe7 8. O-O d6 9. Nc3 Bd7 10. Nd5 Nxd5 11. exd5 Nd4 12. Bxd7+ Qxd7 13. Nxd4 Bxd4 14. Be3 Bxe3 15. fxe3 O-O-O 16. Rf2 Rhf8 17. Raf1 Qe7 18. Rxf8 Rxf8 19. Rxf8+ Qxf8 20. Qg4+ Kb8 21. Qd7 a6 22. h3 Qf6 23. Qe8+ Ka7 24. Qd7 Kb8 25. Qe8+ Ka7 26. Qd7 Qg5 27. Qxc7 Qxe3+ 28. Kh2 Qf4+ 29. Kh1 Qf1+ 30. Kh2 Qf4+ 31. Kh1 Qf1+ 1/2-1/2

[Event "Vaxjo Visma IM-A"]
[Site "Vaxjo"]
[Date "2016.06.30"]
[Round "2"]
[White "Golubka, Petro"]
[Black "Rahul, Kumar Pune"]
[Result "1-0"]
[WhiteElo "2386"]
[BlackElo "2210"]
[WhiteFideId "-1"]
[BlackFideId "-1"]
[PlyCount "113"]
[GameId "1166660599308288"]
[EventDate "2016.06.29"]
[EventType "tourn"]
[EventRounds "9"]
[EventCountry "SWE"]
[EventCategory "4"]
[SourceTitle "EXT 2017"]
[Source "ChessBase"]
[SourceDate "2016.10.25"]
[SourceVersion "1"]
[SourceVersionDate "2016.10.25"]
[SourceQuality "1"]

1. e4 g6 2. d4 Bg7 3. h4 h5 4. Nf3 d6 5. Bc4 Nf6 6. Ng5 O-O 7. Bb3 Nc6 8. c3 e5 9. d5 Ne7 10. O-O Ne8 11. f4 Bg4 12. Qe1 c6 13. dxc6 Nxc6 14. fxe5 Nxe5 15. Bf4 Bf6 16. Qg3 Kg7 17. Nd2 Rc8 18. Rae1 Rc7 19. Qe3 b5 20. Ndf3 Re7 21. Nxe5 Bxe5 22. Nf3 Bxf4 23. Qxf4 Nc7 24. Nd4 Rd7 25. e5 dxe5 26. Qxe5+ Kh7 27. Qg3 Qb8 28. Rf6 Qb7 29. Ref1 Ne8 30. R6f4 Ng7 31. Re1 b4 32. Qf2 bxc3 33. bxc3 Qc7 34. Re3 Re7 35. Rxe7 Qxe7 36. Rxf7 Rxf7 37. Bxf7 Nf5 38. Nxf5 Bxf5 39. Bd5 Qa3 40. c4 Qc1+ 41. Kh2 a5 42. Qa7+ Kh6 43. Qd4 Kh7 44. Qe5 Qh6 45. c5 Qf8 46. c6 Qd8 47. Kg3 Bc8 48. c7 Qd7 49. Kh2 Ba6 50. Be4 Qg4 51. Qe7+ Kh6 52. Qf6 Kh7 53. Qxa6 Qxh4+ 54. Kg1 Qe1+ 55. Qf1 Qe3+ 56. Kh1 Qxe4 57. c8=Q 1-0

[Event "Visma IM-A"]
[Site "Vaxjo SWE"]
[Date "2016.06.29"]
[Round "1.4"]
[White "Olsen, Filip Boe"]
[Black "Golubka, Petro"]
[Result "1/2-1/2"]
[WhiteElo "2263"]
[BlackElo "2386"]
[WhiteFideId "-1"]
[BlackFideId "-1"]
[PlyCount "85"]
[GameId "2130307643771845"]
[EventDate "2016.06.29"]
[EventType "tourn"]
[EventRounds "9"]
[EventCountry "SWE"]
[EventCategory "4"]
[SourceTitle "10 Days #476"]
[Source "Chess Mix"]

1. d4 d5 2. c4 e6 3. Nc3 c5 4. cxd5 exd5 5. Nf3 Nc6 6. dxc5 d4 7. Na4 Bxc5 8. Nxc5 Qa5+ 9. Bd2 Qxc5 10. Rc1 Qd5 11. Bc3 Nge7 12. Nxd4 O-O 13. Nxc6 Qxd1+ 14. Rxd1 Nxc6 15. e3 Be6 16. b3 a5 17. Bb5 Nb4 18. Bxb4 axb4 19. Rd2 Rfd8 20. Rxd8+ Rxd8 21. Ke2 Ra8 22. Rd1 Rxa2+ 23. Kf3 g6 24. Rd4 Rb2 25. Rxb4 Rxb3 26. Rxb3 Bxb3 27. Ke4 Kf8 28. Kd4 b6 29. e4 Ke7 30. Kc3 Be6 31. f4 f6 32. Kb4 Kd6 33. Bd3 Bd7 34. g3 h6 35. h4 g5 36. hxg5 hxg5 37. Be2 gxf4 38. gxf4 f5 39. exf5 Bxf5 40. Bf3 Be6 41. Be4 Bd7 42. Bf3 Be6 43. Be4 1/2-1/2

[Event "Visma IM-A"]
[Site "Vaxjo SWE"]
[Date "2016.06.30"]
[Round "3.5"]
[White "Thybo, Jesper Sondergaard"]
[Black "Golubka, Petro"]
[Result "1-0"]
[WhiteElo "2385"]
[BlackElo "2386"]
[WhiteFideId "-1"]
[BlackFideId "-1"]
[PlyCount "83"]
[GameId "2130307643771859"]
[EventDate "2016.06.29"]
[EventType "tourn"]
[EventRounds "9"]
[EventCountry "SWE"]
[EventCategory "4"]
[SourceTitle "10 Days #476"]
[Source "Chess Mix"]

1. d4 Nf6 2. c4 g6 3. Nf3 Bg7 4. g3 O-O 5. Bg2 d6 6. O-O Nbd7 7. Nc3 e5 8. b3 Re8 9. e4 exd4 10. Nxd4 Nc5 11. f3 c6 12. Be3 d5 13. Nxc6 bxc6 14. Bxc5 dxc4 15. f4 Qxd1 16. Raxd1 Bg4 17. Rd2 cxb3 18. axb3 Nd7 19. Bd4 Bxd4+ 20. Rxd4 Nc5 21. b4 Nb3 22. Rd6 a5 23. e5 Kg7 24. Bxc6 axb4 25. Nd5 Bh3 26. Nc7 Rec8 27. Nxa8 Bxf1 28. Kxf1 Na5 29. Bd5 Rc2 30. Rb6 Rc5 31. Be4 b3 32. Ke2 Rc4 33. Bd3 Rc8 34. Ra6 Nc6 35. Nb6 Rd8 36. Ra1 Nb4 37. Be4 Na2 38. Ke3 Nc3 39. Rc1 Nxe4 40. Kxe4 Rd2 41. Rb1 Rxh2 42. Rxb3 1-0

[Event "Visma IM-A"]
[Site "Vaxjo SWE"]
[Date "2016.07.01"]
[Round "4.1"]
[White "Stremavicius, Titas"]
[Black "Golubka, Petro"]
[Result "1-0"]
[WhiteElo "2446"]
[BlackElo "2386"]
[WhiteFideId "-1"]
[BlackFideId "-1"]
[PlyCount "123"]
[GameId "2130307643771860"]
[EventDate "2016.06.29"]
[EventType "tourn"]
[EventRounds "9"]
[EventCountry "SWE"]
[EventCategory "4"]
[SourceTitle "10 Days #476"]
[Source "Chess Mix"]

1. d4 Nf6 2. Nf3 e6 3. Bf4 Nh5 4. Bg5 f6 5. Bc1 f5 6. h3 Nf6 7. Rg1 c5 8. g4 cxd4 9. Nxd4 fxg4 10. hxg4 Bb4+ 11. c3 Bc5 12. Nd2 Nc6 13. g5 Nd5 14. e3 b6 15. Bd3 Bb7 16. Qh5+ Ke7 17. Be4 g6 18. Qh1 Qg8 19. a3 Bxd4 20. cxd4 Qf7 21. Qh2 d6 22. b3 b5 23. Bb2 a6 24. Rg4 Raf8 25. Bd3 h5 26. gxh6 Rxh6 27. Rh4 Rxh4 28. Qxh4+ Kd7 29. Ne4 Na5 30. Qg3 Qe7 31. Nd2 g5 32. b4 Nc4 33. Bxc4 bxc4 34. Nxc4 Nf6 35. Qxg5 Ne4 36. Nb6+ Ke8 37. Qxe7+ Kxe7 38. Rc1 Rxf2 39. Rc7+ Kf6 40. Rxb7 Rxb2 41. Ra7 Rb1+ 42. Ke2 Rb2+ 43. Kf1 Rb1+ 44. Kg2 Rb2+ 45. Kh3 Ng5+ 46. Kh4 d5 47. Kg4 Rg2+ 48. Kf4 Rf2+ 49. Kg3 Ne4+ 50. Kg4 Rg2+ 51. Kh3 Rg3+ 52. Kh2 Rxe3 53. Rxa6 Kf5 54. Ra8 Ng5 55. a4 Nf3+ 56. Kg2 Nxd4 57. a5 Rb3 58. a6 Nb5 59. Rf8+ Ke4 60. Nd7 Rxb4 61. Rb8 Kd4 62. a7 1-0

[Event "Visma IM-A"]
[Site "Vaxjo SWE"]
[Date "2016.07.01"]
[Round "5.5"]
[White "Golubka, Petro"]
[Black "Nygren, Kim"]
[Result "1-0"]
[WhiteElo "2386"]
[BlackElo "2248"]
[WhiteFideId "-1"]
[BlackFideId "-1"]
[PlyCount "103"]
[GameId "2130307643771871"]
[EventDate "2016.06.29"]
[EventType "tourn"]
[EventRounds "9"]
[EventCountry "SWE"]
[EventCategory "4"]
[SourceTitle "10 Days #476"]
[Source "Chess Mix"]

1. e4 c5 2. Nf3 Nc6 3. d4 cxd4 4. Nxd4 Nf6 5. Nc3 d6 6. Bg5 e6 7. Qd2 a6 8. f3 Bd7 9. h4 Qc7 10. O-O-O Rc8 11. g4 Ne5 12. Be3 b5 13. a3 Qb7 14. g5 Nh5 15. f4 Nc4 16. Bxc4 Rxc4 17. Rhg1 b4 18. axb4 Rxb4 19. Nb3 a5 20. Nxa5 Qa8 21. Nb3 Ba4 22. Nd5 Rb7 23. Qa5 Qxa5 24. Nxa5 Rb8 25. Nc3 Bd7 26. Nc4 d5 27. exd5 Bb4 28. dxe6 Bxe6 29. Nd5 O-O 30. c3 Bxd5 31. Rxd5 Rfc8 32. Ne5 Ba3 33. bxa3 Rxc3+ 34. Kd2 Rxa3 35. Ke2 f6 36. Nc4 Ra4 37. Rc5 Ra2+ 38. Kf3 Rh2 39. g6 hxg6 40. Rxg6 Rxh4 41. Rg4 Rh1 42. Rg1 Rh2 43. Kg4 g6 44. Kf3 Kh7 45. Rc7+ Kh6 46. Rd1 Rg8 47. f5+ g5 48. Ne5 Rh3+ 49. Kg2 Rg3+ 50. Kf2 Rg7 51. Nf7+ Kh7 52. Rd8 1-0